[Event "Iran Women Ch.2016"]
[Site "Tehran"]
[Date "2016.01.19"]
[Round "5.10"]
[White "Azali, Tannaz"]
[Black "Asgharzadeh, Mitra"]
[Result "1/2-1/2"]
[BlackElo "1907"]
[WhiteElo "1818"]
[LiveChessVersion "1.4.7"]

1. d4 d5 2. c4 e6 3. cxd5 {[%clk 1:30:57]} exd5 {[%clk 1:30:50]} 4. Nc3 Nf6 5.
Bg5 {[%clk 1:32:22]} Be7 {[%clk 1:32:22]} 6. e3 {[%clk 1:32:37]} O-O
{[%clk 1:31:57]} 7. Bd3 {[%clk 1:31:58]} Nbd7 {[%clk 1:31:50]} 8. Nge2
{[%clk 1:31:23]} Re8 {[%clk 1:31:08]} 9. O-O {[%clk 1:30:13]} c6 {[%clk 1:30:55]}
10. Rc1 {[%clk 1:27:36]} b6 {[%clk 1:29:24]} 11. f3 {[%clk 1:24:33]} h6
{[%clk 1:20:26]} 12. Bh4 {[%clk 1:21:48]} c5 {[%clk 1:19:59]} 13. Bf2
{[%clk 1:17:12]} Bb7 {[%clk 1:17:57]} 14. Ng3 {[%clk 1:08:20]} a6
{[%clk 1:14:00]} 15. e4 {[%clk 1:03:49]} dxe4 {[%clk 1:04:41]} 16. Ncxe4
{[%clk 1:02:36]} Nxe4 {[%clk 0:58:09]} 17. Nxe4 {[%clk 1:01:30]} Rc8
{[%clk 0:52:26]} 18. dxc5 {[%clk 0:59:25]} Nxc5 {[%clk 0:52:34]} 19. Nxc5
{[%clk 0:59:38]} Bxc5 {[%clk 0:52:53]} 20. Bxc5 {[%clk 0:53:51]} Rxc5
{[%clk 0:52:41]} 21. Bc4 {[%clk 0:51:42]} Qf6 {[%clk 0:31:30]} 22. b4
{[%clk 0:43:18]} Rce5 {[%clk 0:26:58]} 23. Qd7 {[%clk 0:34:26]} Bc8
{[%clk 0:22:41]} 24. Qd2 {[%clk 0:33:19]} b5 {[%clk 0:21:56]} 25. Bd3
{[%clk 0:33:41]} h5 {[%clk 0:20:07]} 26. Be4 {[%clk 0:32:03]} Bf5
{[%clk 0:19:10]} 27. Bxf5 {[%clk 0:29:40]} Qxf5 {[%clk 0:18:54]} 28. Rfe1
{[%clk 0:29:01]} h4 {[%clk 0:18:37]} 29. Kf2 {[%clk 0:25:46]} g6 {[%clk 0:13:35]}
30. Rxe5 {[%clk 0:25:44]} Rxe5 {[%clk 0:11:43]} 31. Qd8+ {[%clk 0:25:40]} Kg7
{[%clk 0:12:07]} 32. Rc8 {[%clk 0:24:49]} Qh5 {[%clk 0:08:33]} 33. Qf8+
{[%clk 0:24:41]} Kf6 {[%clk 0:08:54]} 34. Rc6+ {[%clk 0:23:57]} Re6
{[%clk 0:08:29]} 35. Rxe6+ {[%clk 0:22:36]} Kxe6 {[%clk 0:08:53]} 36. Qc8+
{[%clk 0:22:57]} Ke7 {[%clk 0:06:17]} 37. Qb7+ {[%clk 0:22:08]} Kf8
{[%clk 0:05:47]} 38. Qxa6 {[%clk 0:22:33]} Qe5 {[%clk 0:04:29]} 39. Qc8+
{[%clk 0:19:15]} Kg7 {[%clk 0:04:52]} 40. Qc2 {[%clk 0:17:03]} Qd4+
{[%clk 0:05:11]} 41. Kf1 {[%clk 0:16:49]} Qxb4 {[%clk 0:05:29]} 42. Qb3
{[%clk 0:14:54]} Qc5 {[%clk 0:05:04]} 43. Qb2+ {[%clk 0:14:55]} Kg8
{[%clk 0:03:54]} 44. Qe2 {[%clk 0:14:36]} Kf8 {[%clk 0:03:12]} 45. Qb2
{[%clk 0:13:45]} Ke7 {[%clk 0:02:56]} 46. Qe2+ {[%clk 0:13:25]} Kd6
{[%clk 0:02:36]} 47. Qd3+ {[%clk 0:13:16]} Kc7 {[%clk 0:02:43]} 48. Ke2
{[%clk 0:12:23]} Kb7 {[%clk 0:01:40]} 49. Qd7+ {[%clk 0:11:27]} Kb6
{[%clk 0:01:45]} 50. Qd8+ {[%clk 0:11:46]} Ka6 {[%clk 0:01:21]} 51. Qf6+
{[%clk 0:11:21]} Ka5 {[%clk 0:01:15]} 52. Qd8+ {[%clk 0:11:03]} Ka6
{[%clk 0:01:27]} 53. Qf6+ {[%clk 0:10:45]} Ka5 {[%clk 0:01:49]} 54. Qd8+
{[%clk 0:09:27]} Ka6 {[%clk 0:01:09]} 55. Qf6+ {[%clk 0:09:10]} Ka5
{[%clk 0:01:38]} 56. Qd8+ {[%clk 0:09:17]} Ka4 {[%clk 0:01:01]} 1/2-1/2

[Event "Iran Women Ch.2016"]
[Site "Tehran"]
[Date "2016.01.19"]
[Round "5.11"]
[White "Hamedi Nia, Vesal"]
[Black "Davoodi, Yasaman"]
[Result "1-0"]
[BlackElo "1844"]
[WhiteElo "1833"]
[LiveChessVersion "1.4.7"]

1. d4 Nf6 2. c4 g6 3. Nc3 Bg7 4. Bg5 d6 5. Qb3 Nbd7 6. e3 O-O 7. Be2 c5 8. d5 h6
9. Bh4 Qa5 10. Rc1 a6 11. Nf3 g5 12. Bg3 Ne4 13. Bd3 Nxc3 14. bxc3 f5 15. Qc2 Nb6
16. h4 g4 17. Ng1 Na4 18. Ne2 b5 19. O-O Rb8 20. Rb1 Bd7 21. cxb5 axb5 22. c4 Nb6
23. Rfc1 b4 24. Qd2 Ra8 25. Rc2 Na4 26. Qc1 Nc3 27. Nxc3 Bxc3 28. e4 Bg7 29. exf5
Bxf5 30. Bxf5 Rxf5 31. Qe3 Rf7 32. h5 Qa4 33. Re2 Qd7 34. Qe4 Ra7 35. Bh4 Qf5 36.
Qxf5 Rxf5 37. Bxe7 Be5 38. Bh4 Rxh5 39. g3 Ra3 40. Rb3 Ra7 41. Re4 Rxa2 42. Rxg4+
Kh8 43. Rf3 Ra7 44. Rf8+ Kh7 45. Rf3 Bc3 46. Kg2 Re5 47. Bf6 Rf7 48. Bxe5 Rxf3
49. Rg7+ Kh8 50. Rb7+ Kg8 51. Kxf3 Bxe5 52. Kg4 Bg7 53. Kf5 Kf8 54. Ke6 h5 55.
Rb8# 1-0

[Event "Iran Women Ch.2016"]
[Site "Tehran"]
[Date "2016.01.19"]
[Round "5.12"]
[White "Mobarhani, Nazanin"]
[Black "Ghazizadeh, Asana"]
[Result "1-0"]
[BlackElo "1864"]
[WhiteElo "1856"]
[LiveChessVersion "1.4.7"]

1. e4 e6 2. d4 d5 3. Nc3 Nf6 4. Bg5 dxe4 5. Nxe4 Be7 6. Bxf6 gxf6 7. Nf3 f5 8.
Ng3 b6 9. Ne5 O-O 10. c3 Bb7 11. Bd3 Nd7 12. Nxd7 Qxd7 13. Qh5 Bd8 14. O-O-O Qe7
15. h4 Kh8 16. Rde1 Qf6 17. Qe2 a6 18. Nh5 Qh6+ 19. Kb1 Be4 20. Bxe4 fxe4 21.
Qxe4 Qg6 22. Nf4 Qxe4+ 23. Rxe4 c6 24. Nd3 Bc7 25. Nb4 c5 26. dxc5 bxc5 27. Nd3
Rg8 28. g3 Bd6 29. Ne5 Bxe5 30. Rxe5 Rgd8 31. Rxc5 Rd2 32. Rf1 Rb8 33. b3 Rbd8
34. Ra5 R8d6 35. Kc1 R2d3 36. c4 Kg7 37. c5 R6d5 38. b4 R5d4 39. a3 Rc4+ 40. Kb2
Re4 41. Kc2 Rf3 42. Rxa6 Re2+ 43. Kd1 Ra2 44. Rd6 Rb3 45. Rd2 Raxa3 46. Ke2 Rxb4
47. Rc1 Ra7 48. Ke3 Rc7 49. c6 Rb6 50. Rd6 Kf6 51. Kd4 Ke7 52. Kc5 Rb2 53. Rcd1
Rbb7 54. Rd8 e5 55. R1d2 h6 56. Rh8 Rb3 57. Rxh6 Ra7 58. Rhd6 Ra5+ 59. Kc4 Rba3
60. Rd7+ Kf8 61. Rb7 R3a4+ 62. Rb4 Ra1 63. Rc2 Ra8 64. c7 Rc8 65. Rb8 Ra8 66.
Rxa8 Rxa8 67. Kd5 Rc8 68. Kxe5 Ke7 69. h5 f6+ 70. Kd5 Kf7 71. Kd6 f5 72. Kd7 Rh8
73. c8=Q Rxc8 74. Rxc8 Kg7 75. Rc6 Kf7 76. h6 Kg8 77. Ke7 Kh7 78. Kf7 f4 79. g4
f3 80. g5 Kh8 81. Kg6 1-0

[Event "Iran Women Ch.2016"]
[Site "Tehran"]
[Date "2016.01.19"]
[Round "6.1"]
[White "Pourkashiyan, Atousa"]
[Black "Hejazipour, Mitra"]
[Result "1/2-1/2"]
[BlackElo "2357"]
[WhiteElo "2338"]
[LiveChessVersion "1.4.7"]

1. e4 {[%clk 1:29:18]} c5 {[%clk 1:27:36]} 2. Nf3 {[%clk 1:29:39]} d6
{[%clk 1:27:44]} 3. d4 {[%clk 1:30:03]} cxd4 {[%clk 1:28:07]} 4. Nxd4
{[%clk 1:30:28]} Nf6 {[%clk 1:28:34]} 5. Nc3 {[%clk 1:30:52]} a6 {[%clk 1:29:01]}
6. Bg5 {[%clk 1:31:11]} e6 {[%clk 1:29:18]} 7. f4 {[%clk 1:31:34]} h6
{[%clk 1:29:36]} 8. Bh4 {[%clk 1:31:51]} Be7 {[%clk 1:29:55]} 9. Qf3
{[%clk 1:31:42]} Qc7 {[%clk 1:29:48]} 10. O-O-O {[%clk 1:31:42]} Nbd7
{[%clk 1:30:13]} 11. Be2 {[%clk 1:31:26]} Rb8 {[%clk 1:20:02]} 12. Bxf6
{[%clk 1:06:22]} Nxf6 {[%clk 1:12:31]} 13. g4 {[%clk 1:03:08]} Nd7
{[%clk 1:04:50]} 14. h4 {[%clk 0:59:23]} b5 {[%clk 1:00:06]} 15. g5
{[%clk 0:58:12]} b4 {[%clk 0:53:13]} 16. Nb1 {[%clk 0:49:23]} Nc5
{[%clk 0:51:39]} 17. Nd2 {[%clk 0:47:17]} Bb7 {[%clk 0:42:15]} 18. f5
{[%clk 0:27:18]} e5 {[%clk 0:30:19]} 19. f6 {[%clk 0:19:59]} gxf6
{[%clk 0:25:30]} 20. Nf5 {[%clk 0:14:51]} fxg5 {[%clk 0:11:38]} 21. Bc4
{[%clk 0:15:16]} Rf8 {[%clk 0:07:57]} 22. Nxh6 {[%clk 0:14:30]} gxh4
{[%clk 0:07:00]} 23. Rhg1 {[%clk 0:08:59]} Ne6 {[%clk 0:04:25]} 24. Rg8
{[%clk 0:05:28]} Bg5 {[%clk 0:03:47]} 25. Rxg5 {[%clk 0:02:20]} Nxg5
{[%clk 0:04:15]} 26. Qh5 {[%clk 0:01:44]} Nxe4 {[%clk 0:04:00]} 27. Nxf7
{[%clk 0:01:56]} Rxf7 {[%clk 0:04:06]} 28. Rf1 {[%clk 0:02:21]} Ng5
{[%clk 0:03:01]} 29. Bxf7+ {[%clk 0:01:05]} Nxf7 {[%clk 0:03:29]} 30. Qh7
{[%clk 0:00:35]} Bd5 {[%clk 0:03:15]} 31. Ne4 1/2-1/2

[Event "Iran Women Ch.2016"]
[Site "Tehran"]
[Date "2016.01.19"]
[Round "6.2"]
[White "Alavi, Homa"]
[Black "Kalantari, Sedigheh"]
[Result "1-0"]
[BlackElo "1958"]
[WhiteElo "1935"]
[LiveChessVersion "1.4.7"]

1. d4 {[%clk 1:30:58]} Nf6 {[%clk 1:27:52]} 2. Nf3 {[%clk 1:31:13]} c5
{[%clk 1:28:17]} 3. d5 {[%clk 1:31:14]} e6 {[%clk 1:28:35]} 4. c4
{[%clk 1:30:30]} b5 {[%clk 1:29:00]} 5. dxe6 {[%clk 1:26:49]} fxe6
{[%clk 1:29:25]} 6. Nbd2 {[%clk 1:24:48]} Qa5 {[%clk 1:18:21]} 7. e4
{[%clk 1:19:16]} bxc4 {[%clk 1:02:49]} 8. Bxc4 {[%clk 1:18:49]} Nxe4
{[%clk 1:00:34]} 9. O-O {[%clk 1:18:25]} Nf6 {[%clk 0:59:26]} 10. Ng5
{[%clk 1:10:04]} Qc7 {[%clk 0:51:08]} 11. Nde4 {[%clk 1:01:36]} Nxe4
{[%clk 0:35:40]} 12. Nxe4 {[%clk 1:01:58]} Bb7 {[%clk 0:35:20]} 13. Re1
{[%clk 0:51:43]} Be7 {[%clk 0:30:01]} 14. Qh5+ {[%clk 0:50:49]} g6
{[%clk 0:29:18]} 15. Qh6 {[%clk 0:48:13]} Nc6 {[%clk 0:26:57]} 16. Bf4
{[%clk 0:43:09]} e5 {[%clk 0:26:45]} 17. Be3 {[%clk 0:36:23]} d6 {[%clk 0:24:40]}
18. Qh3 {[%clk 0:26:28]} Nb4 {[%clk 0:21:43]} 19. Ng5 {[%clk 0:21:38]} Bxg5
{[%clk 0:16:29]} 20. Bxg5 {[%clk 0:21:50]} Bd5 {[%clk 0:16:50]} 21. Bxd5
{[%clk 0:16:58]} Nxd5 {[%clk 0:17:18]} 22. Qe6+ {[%clk 0:15:03]} Ne7
{[%clk 0:17:33]} 23. Rad1 {[%clk 0:09:33]} Rd8 {[%clk 0:17:01]} 24. f4
{[%clk 0:09:54]} Qd7 {[%clk 0:16:28]} 25. Qc4 {[%clk 0:08:28]} Qc7
{[%clk 0:13:01]} 26. fxe5 {[%clk 0:03:15]} dxe5 {[%clk 0:12:56]} 27. Qb5+
{[%clk 0:02:54]} Kf7 {[%clk 0:12:22]} 28. Rf1+ {[%clk 0:03:01]} Nf5
{[%clk 0:11:33]} 29. Bxd8 {[%clk 0:02:28]} Rxd8 {[%clk 0:12:02]} 30. Rxd8
{[%clk 0:02:45]} Qxd8 {[%clk 0:12:27]} 31. Qxc5 {[%clk 0:03:05]} Ke6
{[%clk 0:09:00]} 32. Qxa7 {[%clk 0:02:32]} 1-0

[Event "Iran Women Ch.2016"]
[Site "Tehran"]
[Date "2016.01.19"]
[Round "6.3"]
[White "Khademalsharieh, Sarasadat"]
[Black "Mahdian, Anousha"]
[Result "1-0"]
[BlackElo "1811"]
[WhiteElo "2392"]
[LiveChessVersion "1.4.7"]

1. d4 d5 2. c4 c6 3. cxd5 cxd5 4. Bf4 Nf6 5. Nc3 Nc6 6. e3 Bf5 7. Qb3 Na5 8. Qa4+
Bd7 9. Qc2 e6 10. Bd3 Nc6 11. Qd1 Qb6 12. Qe2 Be7 13. Nf3 Nh5 14. Bg5 Bxg5 15.
Nxg5 {[%clk 1:19:14]} Nf6 {[%clk 1:28:47]} 16. f4 {[%clk 1:19:36]} Nb4
{[%clk 1:21:41]} 17. Bb1 {[%clk 1:18:06]} Qa6 {[%clk 1:20:58]} 18. Qd2
{[%clk 1:16:33]} Bb5 {[%clk 1:12:48]} 19. Nxb5 {[%clk 1:06:05]} Qxb5
{[%clk 1:13:09]} 20. a3 {[%clk 1:06:30]} Nc6 {[%clk 1:13:19]} 21. Bd3
{[%clk 1:06:58]} Qb3 {[%clk 1:11:58]} 22. Rc1 {[%clk 1:05:06]} a5
{[%clk 1:09:39]} 23. O-O {[%clk 1:01:31]} O-O {[%clk 0:57:43]} 24. Rc5
{[%clk 0:59:47]} Qb6 {[%clk 0:57:40]} 25. Qc2 {[%clk 0:57:48]} h6
{[%clk 0:55:34]} 26. Nf3 {[%clk 0:58:14]} Nd7 {[%clk 0:52:24]} 27. Rc3
{[%clk 0:52:04]} f5 {[%clk 0:49:06]} 28. Rb3 {[%clk 0:42:02]} Qc7
{[%clk 0:44:06]} 29. Bb5 {[%clk 0:40:02]} Rfc8 {[%clk 0:37:43]} 30. Rc1
{[%clk 0:39:45]} Qd8 {[%clk 0:34:31]} 31. Rc3 {[%clk 0:38:14]} Na7
{[%clk 0:28:49]} 32. Bxd7 {[%clk 0:34:31]} Qxd7 {[%clk 0:29:10]} 33. Ne5
{[%clk 0:34:58]} Qd8 {[%clk 0:29:16]} 34. Qb3 {[%clk 0:34:01]} Rxc3
{[%clk 0:24:16]} 35. Rxc3 {[%clk 0:34:26]} Rb8 {[%clk 0:23:58]} 36. h3
{[%clk 0:30:32]} Kh7 {[%clk 0:14:02]} 37. Kh2 {[%clk 0:21:41]} Kg8
{[%clk 0:11:43]} 38. g3 {[%clk 0:21:32]} Nc6 {[%clk 0:07:40]} 39. Nd3
{[%clk 0:21:35]} Kf7 {[%clk 0:04:07]} 40. Rc5 {[%clk 0:20:18]} Ke7
{[%clk 0:02:52]} 41. Kg2 {[%clk 0:19:21]} Kd7 {[%clk 0:02:41]} 42. Qa4
{[%clk 0:13:44]} Ke7 {[%clk 0:02:03]} 43. Qb5 {[%clk 0:13:48]} Kf7
{[%clk 0:01:20]} 44. Qb3 {[%clk 0:12:59]} Ke7 {[%clk 0:01:28]} 45. Qc2
{[%clk 0:12:44]} Kd7 {[%clk 0:01:10]} 46. b4 {[%clk 0:11:46]} axb4 47. axb4
{[%clk 0:12:11]} Rc8 {[%clk 0:01:04]} 48. b5 {[%clk 0:12:21]} Na7
{[%clk 0:00:51]} 49. Ne5+ {[%clk 0:11:13]} Ke7 {[%clk 0:00:59]} 50. b6
{[%clk 0:11:32]} Nc6 {[%clk 0:00:36]} 51. Nxc6+ {[%clk 0:11:56]} bxc6
{[%clk 0:00:54]} 52. Rxc6 {[%clk 0:12:23]} Rb8 {[%clk 0:01:16]} 53. Rc7+
{[%clk 0:11:07]} Kf6 {[%clk 0:00:45]} 54. b7 {[%clk 0:11:31]} Qd6
{[%clk 0:00:47]} 55. Qc5 {[%clk 0:11:56]} Qxc5 {[%clk 0:00:37]} 56. dxc5
{[%clk 0:12:21]} g5 {[%clk 0:00:42]} 57. c6 {[%clk 0:12:46]} gxf4
{[%clk 0:00:59]} 58. Rc8 {[%clk 0:13:10]} 1-0

[Event "Iran Women Ch.2016"]
[Site "Tehran"]
[Date "2016.01.19"]
[Round "6.4"]
[White "Hashemi, Seyede Fatemeh"]
[Black "Hakimifard, Raana"]
[Result "1-0"]
[BlackElo "2073"]
[WhiteElo "1812"]
[LiveChessVersion "1.4.7"]

1. e4 {[%clk 1:30:32]} e5 {[%clk 1:30:55]} 2. Nc3 {[%clk 1:30:38]} Nf6
{[%clk 1:31:20]} 3. g3 {[%clk 1:30:55]} d5 {[%clk 1:30:00]} 4. exd5
{[%clk 1:30:58]} Nxd5 {[%clk 1:30:25]} 5. Bg2 {[%clk 1:31:08]} Nxc3
{[%clk 1:30:28]} 6. bxc3 {[%clk 1:31:10]} Nc6 {[%clk 1:30:26]} 7. Ne2
{[%clk 1:28:49]} Be6 {[%clk 1:28:57]} 8. d4 {[%clk 1:24:07]} Bd5 {[%clk 1:26:02]}
9. f3 {[%clk 1:15:11]} Be7 {[%clk 1:21:11]} 10. O-O {[%clk 1:06:28]} O-O
{[%clk 1:19:31]} 11. Be3 {[%clk 1:04:52]} Qd7 {[%clk 1:16:03]} 12. Qd3
{[%clk 0:58:52]} Qe6 {[%clk 1:13:55]} 13. dxe5 {[%clk 0:54:38]} Bc4
{[%clk 1:11:53]} 14. Qd2 {[%clk 0:49:16]} Rad8 {[%clk 1:02:51]} 15. Nd4
{[%clk 0:44:58]} Nxd4 {[%clk 0:58:43]} 16. cxd4 {[%clk 0:44:43]} Bxf1
{[%clk 0:59:07]} 17. Bxf1 {[%clk 0:44:38]} c5 {[%clk 0:57:33]} 18. c3
{[%clk 0:43:09]} cxd4 {[%clk 0:53:39]} 19. cxd4 {[%clk 0:42:45]} Bc5
{[%clk 0:53:43]} 20. Rc1 {[%clk 0:28:07]} Bb6 {[%clk 0:52:43]} 21. Kg2
{[%clk 0:27:21]} Rc8 {[%clk 0:51:58]} 22. Rd1 {[%clk 0:25:53]} Rfd8
{[%clk 0:51:39]} 23. Bd3 {[%clk 0:23:27]} g6 {[%clk 0:46:54]} 24. Be4
{[%clk 0:21:41]} Rc4 {[%clk 0:44:24]} 25. Bc2 {[%clk 0:14:29]} Rcxd4
{[%clk 0:34:12]} 26. Bxd4 {[%clk 0:12:46]} Rxd4 {[%clk 0:34:30]} 27. Qe2
{[%clk 0:07:42]} Qxa2 {[%clk 0:34:43]} 28. Rxd4 {[%clk 0:07:05]} Bxd4
{[%clk 0:35:11]} 29. f4 {[%clk 0:06:38]} b5 {[%clk 0:30:11]} 30. Kf3
{[%clk 0:05:05]} b4 {[%clk 0:25:51]} 31. Qe4 {[%clk 0:04:13]} Bc5
{[%clk 0:15:53]} 32. Qd3 {[%clk 0:02:52]} Kg7 {[%clk 0:11:48]} 33. f5
{[%clk 0:01:49]} Qa3 {[%clk 0:06:28]} 34. f6+ {[%clk 0:01:42]} Kh6
{[%clk 0:06:14]} 35. Qxa3 {[%clk 0:01:22]} bxa3 {[%clk 0:06:39]} 36. Bb3
{[%clk 0:01:47]} Kg5 {[%clk 0:05:53]} 37. Ke4 {[%clk 0:02:10]} Bb4
{[%clk 0:03:59]} 38. Bxf7 {[%clk 0:02:21]} Bc3 {[%clk 0:04:16]} 39. Ba2
{[%clk 0:02:29]} h5 {[%clk 0:03:46]} 40. Kd5 {[%clk 0:01:43]} h4 {[%clk 0:03:04]}
41. gxh4+ {[%clk 0:01:48]} Kxh4 {[%clk 0:03:20]} 42. Ke6 {[%clk 0:02:02]} Kg5
{[%clk 0:01:44]} 43. f7 {[%clk 0:01:14]} Bb4 {[%clk 0:02:12]} 44. Kd7
{[%clk 0:00:55]} Kf5 {[%clk 0:01:36]} 45. e6 {[%clk 0:00:46]} Kf6
{[%clk 0:01:59]} 46. Ke8 {[%clk 0:01:09]} 1-0

[Event "Iran Women Ch.2016"]
[Site "Tehran"]
[Date "2016.01.19"]
[Round "6.5"]
[White "Asgarizadeh, Minoo"]
[Black "Zahedifar, Anahita"]
[Result "0-1"]
[BlackElo "1982"]
[WhiteElo "2167"]
[LiveChessVersion "1.4.7"]

1. Nf3 {[%clk 1:30:41]} d5 {[%clk 1:30:53]} 2. g3 {[%clk 1:31:03]} Nf6
{[%clk 1:30:44]} 3. Bg2 {[%clk 1:31:24]} Bf5 {[%clk 1:30:22]} 4. b3
{[%clk 1:30:04]} c6 {[%clk 1:28:40]} 5. d3 {[%clk 1:30:15]} h6 {[%clk 1:27:52]}
6. Nbd2 {[%clk 1:30:13]} e6 {[%clk 1:27:09]} 7. Bb2 {[%clk 1:30:32]} Be7
{[%clk 1:27:21]} 8. O-O {[%clk 1:30:55]} O-O {[%clk 1:27:05]} 9. Re1
{[%clk 1:29:52]} Bh7 {[%clk 1:26:25]} 10. e4 {[%clk 1:29:59]} a5 {[%clk 1:21:16]}
11. a3 {[%clk 1:29:46]} c5 {[%clk 1:17:32]} 12. Qe2 {[%clk 1:29:06]} Nc6
{[%clk 1:10:49]} 13. a4 {[%clk 1:23:10]} Qb6 {[%clk 1:05:14]} 14. Rab1
{[%clk 1:16:54]} Qa6 {[%clk 1:01:45]} 15. e5 {[%clk 1:15:42]} Nd7
{[%clk 1:01:29]} 16. Nf1 {[%clk 1:12:44]} b5 {[%clk 0:58:23]} 17. Ra1
{[%clk 1:03:19]} bxa4 {[%clk 0:54:36]} 18. Rxa4 {[%clk 1:01:26]} Nb6
{[%clk 0:54:41]} 19. Raa1 {[%clk 0:52:57]} Nb4 {[%clk 0:50:46]} 20. Ne3
{[%clk 0:51:20]} a4 {[%clk 0:38:43]} 21. Ng4 {[%clk 0:45:52]} Qb5
{[%clk 0:32:50]} 22. Nf6+ {[%clk 0:35:37]} Bxf6 {[%clk 0:19:56]} 23. exf6
{[%clk 0:36:03]} axb3 {[%clk 0:20:18]} 24. fxg7 {[%clk 0:36:23]} Rfc8
{[%clk 0:19:41]} 25. Ne5 {[%clk 0:28:32]} Rxa1 {[%clk 0:12:35]} 26. Rxa1
{[%clk 0:28:49]} d4 {[%clk 0:08:54]} 27. Qh5 {[%clk 0:26:38]} Qe8
{[%clk 0:07:59]} 28. Ra7 {[%clk 0:20:16]} f5 {[%clk 0:02:57]} 29. Rf7
{[%clk 0:20:33]} Nd7 {[%clk 0:00:50]} 30. f4 {[%clk 0:17:25]} bxc2
{[%clk 0:00:39]} 31. Qf3 {[%clk 0:10:47]} Nxe5 {[%clk 0:00:43]} 32. Rf8+
{[%clk 0:11:12]} Kxg7 {[%clk 0:01:09]} 0-1

[Event "Iran Women Ch.2016"]
[Site "Tehran"]
[Date "2016.01.19"]
[Round "6.6"]
[White "Afshar, Niusha"]
[Black "Hakimifard, Ghazal"]
[Result "1/2-1/2"]
[BlackElo "2181"]
[WhiteElo "1961"]
[LiveChessVersion "1.4.7"]

1. e4 {[%clk 1:30:55]} Nc6 {[%clk 1:30:52]} 2. Nf3 {[%clk 1:31:07]} d6
{[%clk 1:31:16]} 3. d4 {[%clk 1:30:34]} Nf6 {[%clk 1:31:40]} 4. Nc3
{[%clk 1:30:34]} g6 {[%clk 1:32:00]} 5. h3 {[%clk 1:30:24]} Bg7 {[%clk 1:32:25]}
6. Be3 {[%clk 1:30:39]} O-O {[%clk 1:32:38]} 7. Qd2 {[%clk 1:27:53]} a6
{[%clk 1:30:30]} 8. a4 {[%clk 1:25:22]} e5 {[%clk 1:28:55]} 9. dxe5
{[%clk 1:21:47]} dxe5 {[%clk 1:26:13]} 10. Qxd8 {[%clk 1:08:03]} Rxd8
{[%clk 1:26:36]} 11. Bc4 {[%clk 1:07:01]} Be6 {[%clk 1:15:46]} 12. Bxe6
{[%clk 1:06:28]} fxe6 {[%clk 1:16:14]} 13. Ng5 {[%clk 1:00:45]} Re8
{[%clk 1:07:15]} 14. O-O-O {[%clk 0:59:32]} h6 {[%clk 1:00:51]} 15. Nf3
{[%clk 0:59:49]} b5 {[%clk 1:00:00]} 16. Nd2 {[%clk 0:47:57]} Reb8
{[%clk 0:54:55]} 17. f3 {[%clk 0:47:05]} Nd4 {[%clk 0:52:50]} 18. Nb3
{[%clk 0:42:45]} b4 {[%clk 0:48:07]} 19. Bxd4 {[%clk 0:39:43]} exd4
{[%clk 0:48:31]} 20. Nb1 {[%clk 0:39:32]} e5 {[%clk 0:46:50]} 21. N1d2
{[%clk 0:38:33]} Nh5 {[%clk 0:45:20]} 22. Nc4 {[%clk 0:35:31]} Bf6
{[%clk 0:44:26]} 23. Kb1 {[%clk 0:33:33]} Nf4 {[%clk 0:40:50]} 24. Rhg1
{[%clk 0:31:06]} Re8 {[%clk 0:35:47]} 25. Nc5 {[%clk 0:29:02]} Bg7
{[%clk 0:33:50]} 26. Nd3 {[%clk 0:28:12]} Nxd3 {[%clk 0:31:07]} 27. cxd3
{[%clk 0:27:15]} h5 {[%clk 0:31:07]} 28. b3 {[%clk 0:26:25]} Bh6 {[%clk 0:30:40]}
29. Rge1 {[%clk 0:26:17]} Kf7 {[%clk 0:27:15]} 30. Na5 {[%clk 0:25:15]} Ke6
{[%clk 0:24:29]} 31. Re2 {[%clk 0:24:50]} Kd7 {[%clk 0:24:25]} 32. Rc2
{[%clk 0:24:41]} Rab8 {[%clk 0:24:01]} 33. Re1 {[%clk 0:22:55]} Re6
{[%clk 0:22:08]} 34. Ree2 {[%clk 0:19:06]} g5 {[%clk 0:21:46]} 35. Rc5
{[%clk 0:18:09]} Bf8 {[%clk 0:20:29]} 36. Rc1 {[%clk 0:16:14]} Be7
{[%clk 0:16:55]} 37. Rec2 {[%clk 0:16:09]} c5 {[%clk 0:16:08]} 38. Rf1
{[%clk 0:14:41]} Rf8 {[%clk 0:15:09]} 39. Rh1 {[%clk 0:10:32]} Rg6
{[%clk 0:13:49]} 40. Nc4 {[%clk 0:09:05]} Ke6 {[%clk 0:13:57]} 41. Rf2
{[%clk 0:06:57]} Bd8 {[%clk 0:10:32]} 42. g4 {[%clk 0:05:57]} Rh6
{[%clk 0:09:14]} 43. Rhf1 {[%clk 0:05:33]} hxg4 {[%clk 0:09:01]} 44. hxg4
{[%clk 0:05:56]} Rh3 {[%clk 0:07:35]} 45. Kc1 {[%clk 0:05:46]} 1/2-1/2

[Event "Iran Women Ch.2016"]
[Site "Tehran"]
[Date "2016.01.19"]
[Round "6.7"]
[White "Alinasab, Mobina"]
[Black "Jafari, Golnaz"]
[Result "1-0"]
[BlackElo "1909"]
[WhiteElo "2112"]
[LiveChessVersion "1.4.7"]

1. e4 {[%clk 1:30:57]} c6 {[%clk 1:30:19]} 2. d4 {[%clk 1:31:20]} d5
{[%clk 1:30:48]} 3. Nd2 {[%clk 1:31:42]} dxe4 {[%clk 1:31:13]} 4. Nxe4
{[%clk 1:32:08]} Nd7 {[%clk 1:31:36]} 5. Ng5 {[%clk 1:32:32]} Ngf6
{[%clk 1:32:01]} 6. Bd3 {[%clk 1:32:55]} e6 {[%clk 1:32:13]} 7. N1f3
{[%clk 1:33:18]} h6 {[%clk 1:31:26]} 8. Ne4 {[%clk 1:33:47]} Qc7 {[%clk 1:31:22]}
9. Qe2 {[%clk 1:34:10]} Nxe4 {[%clk 1:31:37]} 10. Qxe4 {[%clk 1:34:32]} Bd6
{[%clk 1:31:49]} 11. O-O {[%clk 1:34:30]} b6 {[%clk 1:31:15]} 12. b3
{[%clk 1:28:29]} Bb7 {[%clk 1:30:59]} 13. Qe2 {[%clk 1:28:48]} c5
{[%clk 1:27:17]} 14. dxc5 {[%clk 1:27:13]} Nxc5 {[%clk 1:24:28]} 15. Bb5+
{[%clk 1:27:40]} Bc6 {[%clk 1:15:33]} 16. Bxc6+ {[%clk 1:25:28]} Qxc6
{[%clk 1:16:01]} 17. Bb2 {[%clk 1:23:18]} O-O {[%clk 1:15:40]} 18. Nd4
{[%clk 1:20:42]} Qe4 {[%clk 1:14:38]} 19. Qxe4 {[%clk 1:09:51]} Nxe4
{[%clk 1:14:51]} 20. Rfe1 {[%clk 1:10:20]} Nf6 {[%clk 1:14:08]} 21. Rad1
{[%clk 1:10:14]} Bc5 {[%clk 1:10:59]} 22. c4 {[%clk 1:02:56]} Rac8
{[%clk 1:06:02]} 23. f3 {[%clk 0:54:04]} Rfd8 {[%clk 1:04:25]} 24. Kf1
{[%clk 0:51:10]} a5 {[%clk 1:01:59]} 25. Ke2 {[%clk 0:50:07]} Kf8
{[%clk 0:52:50]} 26. Nb5 {[%clk 0:49:19]} Ke7 {[%clk 0:49:16]} 27. Be5
{[%clk 0:45:27]} Ne8 {[%clk 0:48:47]} 28. Na7 {[%clk 0:45:29]} Bb4
{[%clk 0:42:31]} 29. Rxd8 {[%clk 0:43:21]} Rc5 {[%clk 0:24:41]} 30. Red1
{[%clk 0:43:13]} Rxe5+ {[%clk 0:25:03]} 31. Kf1 {[%clk 0:43:37]} Re1+
{[%clk 0:23:03]} 32. Rxe1 {[%clk 0:43:59]} Kxd8 {[%clk 0:23:31]} 33. Nc6+
{[%clk 0:44:28]} Kc7 {[%clk 0:23:18]} 34. Nxb4 {[%clk 0:44:51]} axb4
{[%clk 0:23:47]} 35. a3 {[%clk 0:45:00]} bxa3 {[%clk 0:23:16]} 36. Ra1
{[%clk 0:45:28]} b5 {[%clk 0:23:09]} 37. Rxa3 {[%clk 0:45:28]} bxc4
{[%clk 0:23:08]} 38. bxc4 {[%clk 0:45:47]} Kc6 {[%clk 0:23:26]} 39. Ke2
{[%clk 0:46:06]} Nd6 {[%clk 0:23:34]} 40. Kd3 {[%clk 0:46:18]} Kc5
{[%clk 0:23:28]} 41. Ra5+ {[%clk 0:46:14]} Kb4 {[%clk 0:23:13]} 42. Re5
{[%clk 0:45:50]} f5 {[%clk 0:22:35]} 43. c5 {[%clk 0:45:36]} Nc4 {[%clk 0:22:31]}
44. Rxe6 {[%clk 0:45:29]} Kxc5 {[%clk 0:22:52]} 45. Re7 {[%clk 0:45:54]} Kd6
{[%clk 0:21:58]} 46. Rxg7 {[%clk 0:46:13]} Ne5+ {[%clk 0:22:19]} 47. Ke3
{[%clk 0:46:24]} Ke6 {[%clk 0:22:29]} 48. Rh7 {[%clk 0:46:17]} Nf7
{[%clk 0:22:30]} 49. Kf4 {[%clk 0:46:43]} Kf6 {[%clk 0:22:41]} 50. Rxf7+
{[%clk 0:47:01]} 1-0